000 00407nam a22001697a 4500
003 MPLRDC
005 20220104114744.0
008 210129b ||||| |||| 00| 0 eng d
082 _a895 QPH
100 _a邱沛篁
245 _a新闻写作艺术
_c
250 _a第一版
260 _a
_b四川人民出版社
_c1992
300 _b
650 _a新闻采访及新闻写作
942 _cBK
_o895 QPH
999 _c9970
_d9960